| 000 | 00889cam a2200289 a 4500 | ||
|---|---|---|---|
| 001 | 000018910 | ||
| 005 | 20200929165900.0 | ||
| 008 | 731009s1975 ve 000 f spa d | ||
| 020 | _a8471560046 | ||
| 035 | _a(DLC) 51027508 | ||
| 035 | _a(OCoLC)713497 | ||
| 040 |
_aDO-SdBNP _cOKentU _dDLC _dBNPHU |
||
| 042 | _apremarc | ||
| 082 |
_aV863.42 _bG993d, 1975 |
||
| 100 | 1 |
_aDíaz Sánchez, Ramón, _d1903-1968. _923438 |
|
| 245 | 1 | 0 |
_aGuzmán : _belipse de una ambición de poder / _cRamón Díaz Sánchez. |
| 250 | _a6a ed. | ||
| 260 |
_a[Caracas] : _bMediterráneo, _c1975. |
||
| 300 |
_av. ; _c19 cm. |
||
| 490 | 1 |
_aEdime _v59-60 |
|
| 600 | 1 | 0 |
_aGUZMÁN, ANTONIO LEOCADIO, _d1801-1884. _940700 |
| 650 | 4 |
_aNovela venezolana _93962 |
|
| 650 | 4 |
_aLiteratura venezuela _ySIGLO XX _922450 |
|
| 830 | 0 |
_aEdime ; _v59-60 _912783 |
|
| 910 | _aCatalogación derivada / LC | ||
| 049 | _aBNGR | ||
| 999 |
_c18428 _d18428 |
||